Les 25 prénoms de filles les plus donnés en 2019 - Statistiques

Statistiques générales
  • Ce quiz a été pris 1 386 fois
  • Le résultat moyen est 6 sur 25
Statistiques - réponses
Prénoms % Correct
Emma
68%
Léa
63%
Louise
51%
Jade
40%
Chloé
37%
Lola
32%
Camille
31%
Anna
28%
Alice
25%
Lucie
24%
Zoé
21%
Julia
19%
Ambre
17%
Rose
16%
Mia
15%
Romane
14%
Mila
13%
Elise
12%
Emy
9%
Agathe
8%
Léonie
5%
Eden
3%
Amélia
2%
Candice
2%
Andréa
1%
Aucun quiz correspondant
Distribution des résultats
% des personnes avec chaque résultat
Percentile par nombre de réponses
Votre historique - résultats
Vous n’avez pas pris ce quiz